Javaslat Balkáni Továbbképző tanfolyam létesítéséről
Elmentve itt :
| Dokumentumtípus: | Cikk |
|---|---|
| Megjelent: |
1917-10-28
|
| Sorozat: | Délmagyarország
6 No. 251 |
| Kulcsszavak: | Jakab Dávid, Nemzetközi kapcsolatok magyar-bolgár |
| Online Access: | http://dmarchiv.bibl.u-szeged.hu/43815 |
| LEADER | 00468nab a2200145 i 4500 | ||
|---|---|---|---|
| 001 | delm43815 | ||
| 005 | 20180927131945.0 | ||
| 008 | 180927s1917 hu o 0|| hun d | ||
| 040 | |a SZTE Délmagyarország Archívum |b hun | ||
| 041 | |a hun | ||
| 245 | 0 | 0 | |a Javaslat Balkáni Továbbképző tanfolyam létesítéséről |h [elektronikus dokumentum] |
| 260 | |c 1917-10-28 | ||
| 300 | |a 6 | ||
| 490 | 0 | |a Délmagyarország |v 6 No. 251 | |
| 695 | |a Jakab Dávid, Nemzetközi kapcsolatok magyar-bolgár | ||